000 00297nam a2200121Ia 4500
005 20251222144738.0
008 251222s9999||||xx |||||||||||||| ||spa||
020 _a9972-890-73-2
082 _a276.9/C76
245 0 _aNo tengáis miedo
264 _bBiblioteca del Congreso del Perú
942 _cLIB
999 _c18861
_d18861